[Event "Bundesliga 1718"]
[White "Bischoff, Klaus"]
[Black "Ostrovskiy, Andrey"]
[Site "Germany"]
[Round "13.1"]
[Result "1-0"]
[Date "2018.04.29"]
[WhiteElo "2510"]
[BlackElo "2444"]
[PlyCount "89"]
[EventDate "2017.10.21"]
[EventType "team-tourn"]
[EventRounds "15"]
[EventCountry "GER"]
[SourceTitle "CBM 184"]
[Source "ChessBase"]
[SourceDate "2018.05.16"]
[SourceVersion "1"]
[SourceVersionDate "2018.05.16"]
[SourceQuality "1"]
[WhiteTeam "Bayern Muenchen"]
[BlackTeam "Norderstedt"]
[WhiteTeamCountry "GER"]
[BlackTeamCountry "GER"]

1. c4 Nf6 2. Nc3 e6 3. Nf3 Bb4 4. Qc2 0-0 5. e3 a5 6. b3 b6 7. Bb2 Bb7 8. Be2 Re8 9. a3 Bxc3 10. Qxc3 d6 11. d3 c5 12. g4 e5 13. g5 Nfd7 14. Rg1 Nc6 15. Nd2 f5 16. gxf6 Nxf6 17. Bf3 d5 18. cxd5 Nd4 19. e4 Rf8 20. Rg3 Ne8 21. Qc1 Qf6 22. Bxd4 cxd4 23. a4 Ba6 24. Nc4 Bxc4 25. bxc4 Nd6 26. Ke2 Nb7 27. Qg5 Nc5 28. Qxf6 Rxf6 29. Bg4 Raf8 30. f3 Rh6 31. Rg2 Rd6 32. Be6+ Nxe6 33. dxe6 Rxe6 34. Rb1 Ref6 35. Rg3 Re6 36. Rb5 h6 37. Rd5 Rf7 38. h4 g6 39. Kf2 Kg7 40. Kg2 Rc7 41. Rg4 Rf7 42. f4 h5 43. f5 hxg4 44. fxe6 Rf3 45. Rd8 1-0

[Event "Bundesliga 1718"]
[White "Laznicka, Viktor"]
[Black "Ostrovskiy, Andrey"]
[Site "Germany"]
[Round "12.2"]
[Result "1-0"]
[Date "2018.03.11"]
[WhiteElo "2654"]
[BlackElo "2444"]
[PlyCount "79"]
[EventDate "2017.10.21"]
[EventType "team-tourn"]
[EventRounds "15"]
[EventCountry "GER"]
[SourceTitle "CBM 184"]
[Source "ChessBase"]
[SourceDate "2018.05.16"]
[SourceVersion "1"]
[SourceVersionDate "2018.05.16"]
[SourceQuality "1"]
[WhiteTeam "Schwaebisch Hall"]
[BlackTeam "Norderstedt"]
[WhiteTeamCountry "GER"]
[BlackTeamCountry "GER"]

1. d4 Nf6 2. c4 e6 3. Nc3 Bb4 4. e3 b6 5. Nge2 Ba6 6. Ng3 Bxc3+ 7. bxc3 d5 8. Qf3 0-0 9. cxd5 exd5 10. Bxa6 Nxa6 11. Qe2 Qc8 12. f3 c5 13. 0-0 Re8 14. Bd2 h5 15. Qd3 c4 16. Qc2 Qc6 17. Qf5 h4 18. Nh5 Nxh5 19. Qxh5 Nc7 20. Qxh4 Qg6 21. Rae1 Qc2 22. Rf2 Qxa2 23. e4 Qa4 24. e5 Qd7 25. g4 a5 26. Rg2 b5 27. Rg3 Ra6 28. Rh3 f6 29. f4 fxe5 30. fxe5 Rh6 31. Bxh6 gxh6 32. Qxh6 Qg7 33. Qb6 Re6 34. Qxa5 Ra6 35. Qb4 Rg6 36. Rg3 Rxg4 37. Ree3 Kh8 38. Qd6 Kh7 39. e6 b4 40. Qd7 1-0